Manual de minicentrales hidroeléctricas
Uloženo v:
| Médium: | Kniha |
|---|---|
| Jazyk: | španělština |
| Vydáno: |
Madrid
IDAE
1996
|
| Edice: | Biblioteca Cinco Días. Manuales de Energías Renovables, 1
|
| Témata: | |
| Tagy: |
Přidat tag
Žádné tagy, Buďte první, kdo vytvoří štítek k tomuto záznamu!
|
MARC
| LEADER | 00000nam a2200000 a 4500 | ||
|---|---|---|---|
| 001 | UCN9613 | ||
| 003 | CL-VaPUC | ||
| 008 | 011221e19960000SP |||||||||||||||||spa|d | ||
| 082 | 0 | 4 | |a 621.3121 |b MAN |2 21 |
| 245 | 1 | 0 | |a Manual de minicentrales hidroeléctricas |
| 300 | |a 152 p | ||
| 942 | |c BK | ||
| 945 | |d 20011221 00:00:00 |a vberengu | ||
| 260 | |a Madrid |b IDAE |c 1996 | ||
| 500 | |a ALGUNOS EJEMPLARES EN INST.DE GEOGRAFIA POR PROY.MINEDUC | ||
| 650 | 7 | |a CENTRALES HIDROELECTRICAS |2 CL-VaPUC |9 263331 | |
| 650 | 7 | |a TURBINAS |2 CL-VaPUC |9 263552 | |
| 650 | 7 | |a ENERGIA HIDRAULICA |2 CL-VaPUC |9 358259 | |
| 650 | 7 | |a TURBINAS HIDRAULICAS |2 CL-VaPUC |9 461059 | |
| 651 | 0 | |a España |9 254926 | |
| 583 | |a last modification |c 20011221 00:00:00 |k Rodrigo Vera | ||
| 490 | 0 | |a Biblioteca Cinco Días. Manuales de Energías Renovables, 1 | |
| 999 | |c 298913 |d 298911 | ||
| 952 | |0 0 |1 0 |4 0 |6 621_312100000000000_MAN_1996 |7 0 |8 A |9 354921 |a BIBING |b BIBING |d 2019-11-21 |i 3782808 |o 621.3121 MAN 1996 |p 3782808 |r 2025-01-20 |w 2019-11-21 |y BK |k GEO | ||